000 00621nam a2200181Ia 4500
008 151018s9999 xx 000 0 und d
082 _bRBASDV226
_a891.461
100 _aवालचंद्र नालचंद्र शहा
245 _aशनवारवाडा
250 _b1
260 _bना गौ व्होरा
_c1955
300 _a236
600 _aवालचंद्र नालचंद्र शहा
630 _aशनवारवाडा
700 _aवालचंद्र नालचंद्र शहा
730 _aशनवारवाडा
942 _cBOOK
999 _c1002696
_d1002693